Sishu dharmamulak puthi/ (Record no. 11812)

MARC details
000 -LEADER
fixed length control field 00508nam a22001817a 4500
005 - DATE AND TIME OF LATEST TRANSACTION
control field 20240515055425.0
008 - FIXED-LENGTH DATA ELEMENTS--GENERAL INFORMATION
fixed length control field 240515b |||||||| |||| 00| 0 eng d
040 ## - CATALOGING SOURCE
Original cataloging agency IN-DiNC
Transcribing agency IN-DiNC
041 ## - LANGUAGE CODE
Language code of sung or spoken text Assamese
082 ## - DEWEY DECIMAL CLASSIFICATION NUMBER
Classification number 294.513
Item number CHA
100 ## - MAIN ENTRY--PERSONAL NAME
Personal name Chaliha, Purnima
Relator term Author
245 ## - TITLE STATEMENT
Title Sishu dharmamulak puthi/
Statement of responsibility, etc. by Purnima Chaliha
250 ## - EDITION STATEMENT
Edition statement 1st ed.
260 ## - PUBLICATION, DISTRIBUTION, ETC.
Place of publication, distribution, etc. Guwahati:
Name of publisher, distributor, etc. Nitu Mani Das and Niranjana Chaliha Das,
Date of publication, distribution, etc. 2022.
300 ## - PHYSICAL DESCRIPTION
Extent 46p.
650 ## - SUBJECT ADDED ENTRY--TOPICAL TERM
Topical term or geographic name entry element Hindu mythological stories
942 ## - ADDED ENTRY ELEMENTS (KOHA)
Source of classification or shelving scheme Dewey Decimal Classification
Koha item type Books
Holdings
Withdrawn status Lost status Source of classification or shelving scheme Damaged status Not for loan Collection code Home library Current library Shelving location Date acquired Cost, normal purchase price Total Checkouts Full call number Barcode Date last seen Copy number Price effective from Koha item type Date last checked out
    Dewey Decimal Classification     General Collection Central Library, Naharkatiya College Central Library, Naharkatiya College General Stacks 15/05/2024 100.00   294.513 CHA 29996 15/05/2024 1 15/05/2024 Books  
    Dewey Decimal Classification     General Collection Central Library, Naharkatiya College Central Library, Naharkatiya College General Stacks 15/05/2024 100.00   294.513 CHA 29997 15/05/2024 2 15/05/2024 Books  
    Dewey Decimal Classification     General Collection Central Library, Naharkatiya College Central Library, Naharkatiya College General Stacks 15/05/2024 100.00   294.513 CHA 29998 15/05/2024 3 15/05/2024 Books  
    Dewey Decimal Classification     General Collection Central Library, Naharkatiya College Central Library, Naharkatiya College General Stacks 15/05/2024 100.00 1 294.513 CHA 30000 13/03/2025 5 15/05/2024 Books 13/03/2025
    Dewey Decimal Classification     General Collection Central Library, Naharkatiya College Central Library, Naharkatiya College General Stacks 15/05/2024 100.00   294.513 CHA 29999 15/05/2024 4 15/05/2024 Books  

Naharkatiya College © 2020. All rights reserved.

Powered By